<?xml version="1.0" encoding="UTF-8"?>
<record
    xmlns:xsi="http://www.w3.org/2001/XMLSchema-instance"
    xsi:schemaLocation="http://www.loc.gov/MARC21/slim http://www.loc.gov/standards/marcxml/schema/MARC21slim.xsd"
    xmlns="http://www.loc.gov/MARC21/slim">

  <leader>00863nam a2200217Ia 4500</leader>
  <datafield tag="999" ind1=" " ind2=" ">
    <subfield code="c">41173</subfield>
    <subfield code="d">41173</subfield>
  </datafield>
  <controlfield tag="001">7824</controlfield>
  <controlfield tag="003">GE_BSU</controlfield>
  <controlfield tag="005">20220926154457.0</controlfield>
  <controlfield tag="008">181216s2012en  xx |||||||||||||| ||eng||</controlfield>
  <datafield tag="020" ind1=" " ind2=" ">
    <subfield code="a">9780863156083</subfield>
  </datafield>
  <datafield tag="040" ind1=" " ind2=" ">
    <subfield code="c">GE_BSU</subfield>
  </datafield>
  <datafield tag="080" ind1=" " ind2=" ">
    <subfield code="a">744 A-38</subfield>
  </datafield>
  <datafield tag="100" ind1=" " ind2=" ">
    <subfield code="a">Allen,Jon</subfield>
    <subfield code="9">14817</subfield>
  </datafield>
  <datafield tag="245" ind1=" " ind2=" ">
    <subfield code="a">Drawing Geometry : </subfield>
    <subfield code="b">A primer of Basic Forms for Artists,Designers and Architects  /</subfield>
    <subfield code="c">Jon Allen</subfield>
  </datafield>
  <datafield tag="264" ind1=" " ind2=" ">
    <subfield code="a">Edinburgh :</subfield>
    <subfield code="b">Floris Books,</subfield>
    <subfield code="c">2012.</subfield>
  </datafield>
  <datafield tag="300" ind1=" " ind2=" ">
    <subfield code="a">86 p.:</subfield>
    <subfield code="b">Ill;</subfield>
    <subfield code="c">23 cm.</subfield>
  </datafield>
  <datafield tag="653" ind1=" " ind2=" ">
    <subfield code="a">A primer of Basic Forms for Artists,Designers and Architects</subfield>
  </datafield>
  <datafield tag="653" ind1=" " ind2=" ">
    <subfield code="a">Drawing Geometry</subfield>
  </datafield>
  <datafield tag="653" ind1=" " ind2=" ">
    <subfield code="a">&#x10EB;&#x10D8;&#x10E0;&#x10D8;&#x10D7;&#x10D0;&#x10D3;&#x10D8; &#x10E4;&#x10DD;&#x10E0;&#x10DB;&#x10D4;&#x10D1;&#x10D8;&#x10E1; &#x10DE;&#x10E0;&#x10D0;&#x10D8;&#x10DB;&#x10D4;&#x10E0;&#x10D8; &#x10DB;&#x10EE;&#x10D0;&#x10E2;&#x10D5;&#x10E0;&#x10D4;&#x10D1;&#x10D8;&#x10E1;&#x10D7;&#x10D5;&#x10D8;&#x10E1;, &#x10D3;&#x10D8;&#x10D6;&#x10D0;&#x10D8;&#x10DC;&#x10D4;&#x10E0;&#x10D4;&#x10D1;&#x10D8;&#x10E1;&#x10D7;&#x10D5;&#x10D8;&#x10E1; &#x10D3;&#x10D0; &#x10D0;&#x10E0;&#x10E5;&#x10D8;&#x10E2;&#x10D4;&#x10E5;&#x10E2;&#x10DD;&#x10E0;&#x10D4;&#x10D1;&#x10D8;&#x10E1;&#x10D7;&#x10D5;&#x10D8;&#x10E1;</subfield>
  </datafield>
  <datafield tag="942" ind1=" " ind2=" ">
    <subfield code="c">BK</subfield>
    <subfield code="2">udc</subfield>
  </datafield>
  <datafield tag="952" ind1=" " ind2=" ">
    <subfield code="0">0</subfield>
    <subfield code="1">0</subfield>
    <subfield code="2">udc</subfield>
    <subfield code="4">0</subfield>
    <subfield code="6">744_A38</subfield>
    <subfield code="7">0</subfield>
    <subfield code="9">47368</subfield>
    <subfield code="a">CPL</subfield>
    <subfield code="b">SPL</subfield>
    <subfield code="c">GEN</subfield>
    <subfield code="d">2018-12-17</subfield>
    <subfield code="g">36.00</subfield>
    <subfield code="o">744 A-38</subfield>
    <subfield code="p">24182</subfield>
    <subfield code="r">2018-12-17</subfield>
    <subfield code="t">24182</subfield>
    <subfield code="w">2018-12-17</subfield>
    <subfield code="y">BK</subfield>
    <subfield code="z">36gel.</subfield>
  </datafield>
</record>
